000 01286nam a2200229 a 4500
003 DO-SdBNP
005 20220915113043.0
007 ta
008 220915e2010 dr ao||grt|||s001 0 spa d
040 _aDO-SdBNP
_bspa
_cBNPHU
082 4 _222
_bR426m
110 2 _96285
_aBanco de Reservas de la República Dominicana.
245 1 0 _aMemoria 2010
260 _aSanto Domingo :
_bBanreservas,
_c2010
300 _a89, [6] p. :
_bil., fotogr.
_c29 cm.
505 _tConsejo de Directores.--
_tResumen Desempeño Financiero.--
_tCartera de préstamos Bruta.--
_tCartera de Depósitos
_tTotal Activos.--
_tBeneficios Netos.--
_tCarta del Administrador General.--
_tEntorno Económico año 2010 y Perspectivas.--
_tGobierno Corporativo: Consejo de Directores y Administración General.--
_tBanreservas en el 2010 Variables Financieras y de Negocios.--
_tOtros Logros Importantes en el Año.--
_tResponsabilidad Social y Corporativa.--
_tInforme de los Auditores Independientes y Estados Financieros Sobre Base Regular, 31 de diciembre de 2010.
590 _aInventariado 2022 / MF
650 4 _aInstituciones Públicas
_xMemorias e Informes
_zRepública Dominicana
_982134
651 4 _aRepública Dominicana. Banco de Reservas
_xMemorias e informes
_y2010
_982383
910 _aMFeliz
942 _2ddc
_cLBS1
999 _c52403
_d52403